000 00931nam a22002417a 4500
001 114500
003 DR-UNIBE
005 20260327114126.0
008 260324b2005 cr ||||| |||| 00| 0 spa d
020 _a9789968757621
040 _aBIBLIOTECA UNIBE
_cBIBLIOTECA UNIBE
_bspa
_erda
041 _aspa
082 _a342.7286 C837c
110 2 _aCosta Rica.
_bAsamblea Legislativa
_9203645
245 1 0 _aConstitución política de la República de Costa Rica :
_b anotada, concordada y con jurisprudencia constitucional /
_cElena Fallas Vega, Llihanny Linkimer Bedoya, Marina Alejandra Ramírez
260 _a San José :
_b Investigaciones Jurídicas,
_c 2005
300 _a516 páginas :
_bilustraciones
650 7 _2lemb
_aDerecho constitucional
_zCosta Rica
_9203917
700 _aFallas Vega, Elena
_9203646
700 _aLinkimer Bedoya, Llihanny
_9203647
700 _aRamírez, Marina Alejandra
_9203648
942 _2ddc
_cBK
999 _c114501
_d114501